000 00377nam a22001697a 4500
003 UA-OsUOA
001 1375
007 ta
008 20050721b un ||||| |||| 00| 0 ukr d
100 _aBrooks
700 _aStephen
942 _cBK
040 _aUA-OsUOA
_cUA-OsUOA
_dUA-OsUOA
245 _aCanadian Democracy an Introduction
_bCountry Studies
955 _a2
650 7 _2UDC
999 _c287537
_d287537